[Event "CCT Airthings Masters Play-In 2023"]
[Site "Online"]
[Date "2023.02.03"]
[Round "5"]
[White "LiemLe"]
[Black "Alexandr_Predke"]
[Result "1-0"]
[WhiteElo "2674"]
[BlackElo "2595"]
[Annotator "TA"]
[PlyCount "61"]
[EventDate "2023.02.03"]
[EventType "swiss"]
[EventCountry "NET"]
[SourceTitle "playchess.com"]
[Source "ChessBase"]
[SourceQuality "1"]
[TimeControl "600+2"]

{[%evp 9,61,4,18,0,0,0,8,0,81,86,75,72,138,129,140,128,165,145,138,144,141,85,95,94,201,201,380,221,231,227,213,209,203,113,97,103,102,95,306,296,277,311,304,283,279,218,218,222,702,673,836,803,29973,29973]} 1. d4 {[%emt 0:00:03]} Nf6 {[%emt 0:00:04]} 2. Nf3 {[%emt 0:00:00]} e6 {[%emt 0:00:02]} 3. Bf4 {[%emt 0:00:01]} c5 {[%emt 0:00:02]} 4. e3 {[%emt 0:00:02]} Nc6 {[%emt 0:00:02]} 5. Nbd2 {[%emt 0:00:02]} h6 {[%emt 0:00:09]} 6. h3 {[%emt 0:00:10] A46: 1 d4 Nf6 2 Nf3 e6: Torre, London and Colle Systems.} d5 {[%emt 0:00:02]} 7. Bb5 {[%emt 0:00:15] [#]} Qb6 $146 {[%emt 0:00:40]} ({Predecessor:} 7... Bd7 8. O-O Qb6 9. c4 Be7 10. dxc5 Bxc5 11. Rc1 O-O 12. Nb3 Be7 13. Qe2 a6 14. Bxc6 bxc6 {0-1 Le,Q (2709)-Ponkratov,P (2628) Speed Chess Super Swiss blitz 2020 (4)}) 8. c4 {[%emt 0:00:02] The position is equal.} dxc4 {[%emt 0:00:08]} (8... cxd4 $11 9. exd4 (9. Nxd4 Bd7 $11) 9... Bd7) 9. a4 $16 {[%emt 0:00:08]} (9. Bxc4 $6 cxd4 10. exd4 Be7 $11) 9... cxd4 {[%emt 0:02:29]} 10. O-O {[%emt 0:00:06]} Bd7 {[%emt 0:00:32]} (10... dxe3 $142 11. Nxc4 (11. Bxe3 Qc7 $11) 11... Qd8) 11. Nxc4 {[%emt 0:00:02]} (11. Bxc4 dxe3 12. Bxe3 Bc5 13. Bxc5 Qxc5 $15) 11... Qd8 {[%emt 0:00:20]} 12. Nxd4 {[%emt 0:00:27]} (12. exd4 $6 a6 13. Bxc6 Bxc6 $11) 12... Nd5 {[%emt 0:01:08]} 13. Bg3 {[%emt 0:00:43][%cal Od4f5]} Be7 {[%emt 0:00:52]} 14. Bxc6 {[%emt 0:00:11]} Bxc6 {[%emt 0:00:09] [#]} 15. Nxc6 {[%emt 0:00:20]} (15. Ne5 $142 $1 {[%cal Od4e6] Black must now prevent Nxe6!} O-O 16. Nexc6 (16. Ndxc6 bxc6 17. Nxc6 Qb6 $16) 16... bxc6 17. Nxc6) 15... bxc6 {[%emt 0:00:00]} 16. e4 {[%emt 0:00:01]} Nb6 {[%emt 0:00:32]} (16... Nf6 $16) 17. Ne5 $18 {[%emt 0:00:30]} Rc8 $2 {[%emt 0:00:39]} (17... Qxd1 18. Rfxd1 Bf6 19. Nxc6 Nc4) 18. Qf3 {[%emt 0:01:00]} (18. Qb3 $142) 18... O-O {[%emt 0:00:14]} 19. Rfd1 {[%emt 0:00:01]} Qe8 {[%emt 0:00:01]} 20. a5 {[%emt 0:00:01]} f6 {[%emt 0:00:03]} 21. Ng4 {[%emt 0:02:13]} (21. axb6 $18 fxe5 22. Qg4) 21... Nd7 $16 {[%emt 0:00:46]} 22. Qb3 {[%emt 0:00:01] White is much more active.} Nc5 {[%emt 0:00:31][%csl LRb3,LRe4]} 23. Qc4 $36 {[%emt 0:00:03][%mdl 2048] White is on the roll.} Qg6 $2 {[%emt 0:00:16] [#] A mistake that costs the game.} (23... Qf7 $16) 24. b4 $1 $18 {[%emt 0:01:01]} Nxe4 {[%emt 0:00:36]} (24... Qxe4 $2 25. Rd4 Qg6 26. bxc5 $18) 25. Qxe6+ {[%emt 0:00:01]} Qf7 {[%emt 0:00:00]} 26. Qxe4 {[%emt 0:00:01]} f5 {[%emt 0:00:01]} 27. Qe2 {[%emt 0:00:04]} fxg4 {[%emt 0:00:04]} 28. Rd7 {[%emt 0:00:01]} (28. Qxg4 h5 29. Qe4 Rfe8) (28. hxg4 Bxb4 29. f3 Rfe8 $11) 28... Rce8 {[%emt 0:00:04]} (28... Rfe8 29. Rxa7 (29. Qxg4 h5 $18) 29... gxh3 30. gxh3 Bf6) 29. Re1 {[%emt 0:00:02]} ({Weaker is} 29. Rxa7 gxh3 30. Qe5 (30. gxh3 Bxb4 31. Rxf7 Rxe2 $16) (30. Re1 Qd5 $16) 30... Qf6 $16) ({Stronger than} 29. hxg4 Bxb4 30. Qd3 (30. Rxf7 Rxe2 31. Rxa7 Bc5 $11) 30... Re7 31. Rxe7 Bxe7 $14) 29... Bxb4 {[%emt 0:00:27]} 30. Rxf7 {[%emt 0:00:03]} Kxf7 {[%emt 0:00:07]} 31. Qc4+ {[%emt 0:00:02] Weighted Error Value: White=0.18 (very precise) /Black=0.67} 1-0

[Event "CCT Airthings Masters Play-In 2023"]
[Site "Online"]
[Date "2023.02.03"]
[Round "5"]
[White "Baku_Boulevard"]
[Black "Sanan_Sjugirov"]
[Result "1-0"]
[WhiteElo "2669"]
[BlackElo "2548"]
[Annotator "TA"]
[PlyCount "99"]
[EventDate "2023.02.03"]
[EventType "swiss"]
[EventCountry "NET"]
[SourceTitle "playchess.com"]
[Source "ChessBase"]
[SourceQuality "1"]
[TimeControl "600+2"]

{[%evp 9,99,0,0,0,0,0,6,-22,0,-33,-30,-30,-29,-47,-35,-37,-46,-39,0,-6,0,-12,-13,0,0,0,0,-51,-39,-42,-50,-58,-54,-58,-56,-58,-49,-71,-11,-59,126,110,137,141,124,142,125,124,125,85,144,143,191,126,130,121,131,128,118,89,84,77,190,145,187,182,286,283,300,198,190,190,190,176,161,0,0,0,0,0,0,0,0,0,0,0,0,0,230,224,29984,29985]} 1. e4 {[%emt 0:00:52]} e5 {[%emt 0:00:12]} 2. Nf3 {[%emt 0:00:06]} Nc6 {[%emt 0:00:01]} 3. Bb5 {[%emt 0:00:02]} a6 {[%emt 0:00:08]} 4. Ba4 {[%emt 0:00:02]} Nf6 {[%emt 0:00:01]} 5. Nc3 {[%emt 0:00:01]} Bc5 {[%emt 0:00:38]} 6. d3 {[%emt 0:00:04] C77: Ruy Lopez: 3...a6 4 Ba4 Nf6, unusual lines.} d6 {[%emt 0:00:25]} 7. Bg5 {[%emt 0:00:06] 7.Bxc6+ might become the main line.} h6 {[%emt 0:01:30]} 8. Bh4 {[%emt 0:00:02] The position is equal.} Bd7 {[%emt 0:00:14] [#]} 9. a3 $146 {[%emt 0:00:59]} ({Predecessor:} 9. Qd2 Bb4 10. a3 Ba5 11. b4 Nxb4 12. axb4 Bxb4 13. Bxd7+ Qxd7 14. Rb1 a5 15. O-O c5 16. Ne1 a4 17. Bxf6 gxf6 18. Rxb4 cxb4 19. Nd5 Qb5 {1-0 Schoenbuchner,G (968)-Cipka,I (1367) LSS RN-2009-0-00224}) 9... g5 {[%emt 0:00:33]} 10. Bg3 {[%emt 0:00:01]} Ba7 {[%emt 0:00:08]} 11. Bb3 {[%emt 0:00:08]} Bg4 {[%emt 0:00:16]} 12. h3 {[%emt 0:00:57]} Bh5 {[%emt 0:00:32]} 13. h4 {[%emt 0:00:02]} Bxf3 {[%emt 0:01:39]} 14. Qxf3 {[%emt 0:00:21] Black must now prevent hxg5.} (14. gxf3 $5 {[%cal Rh4g5]} Nh5 15. f4 Nxf4 16. Bxf4 gxf4 17. Bxf7+ {[%mdl 64] Decoy} Kxf7 18. Qh5+ Kf8 19. Qf5+ Ke8 20. Qh5+ Kf8 21. Qf5+ Ke8 22. Qh5+ Kf8 $11) 14... Nd4 {[%emt 0:00:01]} 15. Qd1 {[%emt 0:00:01]} Nxb3 {[%emt 0:00:01]} 16. cxb3 {[%emt 0:00:00] hxg5 would be deadly.} g4 {[%emt 0:00:05]} 17. h5 {[%emt 0:00:01]} Qd7 {[%emt 0:00:05]} 18. Rc1 {[%emt 0:00:59]} (18. b4 $11) 18... c6 {[%emt 0:00:09]} 19. b4 {[%emt 0:00:02]} Qe6 {[%emt 0:00:06]} 20. Qd2 {[%emt 0:00:42]} d5 {[%emt 0:00:12]} 21. exd5 {[%emt 0:00:06]} Nxd5 {[%emt 0:00:06]} 22. Nxd5 {[%emt 0:00:16]} Qxd5 {[%emt 0:00:02]} 23. Qe2 {[%emt 0:00:01][%csl LRe5,LRg4]} Bd4 {[%emt 0:00:50]} ({Better is} 23... O-O-O $1 $17 {...f5 is the strong threat.} 24. Qxg4+ Rd7) 24. O-O {[%emt 0:00:19][%cal Bh1f1,Bf1e1,Be1e5,Be5e6,Be6g6][%mdl 32]} (24. Qxg4 $11 {deserves consideration.} Ke7 25. Rc2) 24... f5 $2 {[%emt 0:00:43] [#]} (24... O-O-O $15 25. Qxg4+ Kb8) 25. Bxe5 $1 $16 {[%emt 0:00:08][%mdl 512]} Qxe5 {[%emt 0:00:32]} (25... Bxe5 $2 26. Rc5 O-O-O 27. Rxd5 (27. Qxe5 Qxe5 28. Rxe5 f4 $16) 27... Rxd5 28. g3 $18) (25... O-O 26. Bxd4) 26. Qxe5+ {[%emt 0:00:02]} Bxe5 {[%emt 0:00:00]} 27. Rfe1 {[%emt 0:00:00]} O-O {[%emt 0:00:35]} 28. Rxe5 {[%emt 0:00:01][%mdl 4096] Endgame KRR-KRR} Rad8 {[%emt 0:00:00]} 29. Rce1 {[%emt 0:00:19]} Rxd3 {[%emt 0:00:25]} (29... Kg7 $142) 30. Re6 {[%emt 0:00:02]} Rfd8 {[%emt 0:00:28] [#]} (30... Rf7 $16) 31. R1e5 {[%emt 0:00:27]} ({White should try} 31. Rg6+ $1 $18 Kf8 32. Rf6+ (32. Rxh6 R3d6 $16) 32... Kg7 33. Rg6+ (33. Rxf5 R8d7 $16) 33... Kf8 34. Rf6+ (34. Rxh6 R3d6 $16) 34... Kg8 35. Rg6+ (35. Rxf5 g3 $16) (35. Rxh6 Rd1 $16) 35... Kf8) 31... R8d5 {[%emt 0:00:10]} 32. Rg6+ {[%emt 0:01:15]} Kf7 {[%emt 0:00:01]} 33. Ree6 {[%emt 0:00:01]} f4 {[%emt 0:00:11]} (33... Rd1+ $2 34. Kh2 $18) 34. Rgf6+ {[%emt 0:00:16]} (34. Rxh6 Rd1+ 35. Kh2 Rxh5+ 36. Rxh5 Kxe6 $11) 34... Kg7 {[%emt 0:00:00] ( -> ...Rd1+)} 35. Rxf4 {[%emt 0:00:08] Strongly threatening Rg6+.} Rxh5 {[%emt 0:00:09]} (35... Rd1+ $16 {keeps fighting.} 36. Kh2 Rxh5+ 37. Kg3 Rd3+ 38. Re3 Rxe3+ 39. fxe3 Rb5) 36. g3 {[%emt 0:00:05]} (36. Rxg4+ $6 Kf7 37. Re1 Rf5 $16) 36... Rd1+ {[%emt 0:00:03]} 37. Kg2 {[%emt 0:00:01]} Rg5 {[%emt 0:00:03]} (37... Rd7 {is a better defense.}) 38. Re7+ $18 {[%emt 0:00:05]} Kg6 {[%emt 0:00:01]} 39. Rfe4 {[%emt 0:00:19]} Rd2 {[%emt 0:00:02]} 40. R4e6+ {[%emt 0:00:05]} Kh5 {[%emt 0:00:01]} 41. Rf6 {[%emt 0:00:07] Inhibits Rf5.} ({Not} 41. Rxb7 Rf5 42. Kf1 (42. Rxc6 $2 {leads to mate.} Rdxf2+ 43. Kh1 Rf1+ 44. Kh2 R5f2#) 42... Rdxf2+ 43. Ke1 Rf1+ 44. Ke2 R5f2+ 45. Kd3 Rf3+ 46. Kd4 Rd1+ 47. Kc4 Rxg3 $11) 41... Rxb2 {[%emt 0:00:02]} 42. Ree6 $2 {[%emt 0:00:01]} (42. Rxb7 $18 {[%cal Ob7c7] Threatens to win with Rc7!} Rg6 43. Rxg6 Kxg6 44. Rb6) 42... Rg7 $11 {[%emt 0:00:02]} 43. Rf4 {[%emt 0:00:51]} Rb3 {[%emt 0:00:03]} 44. a4 {[%emt 0:00:00]} Ra3 {[%emt 0:00:03]} 45. a5 {[%emt 0:00:01]} Rb3 {[%emt 0:00:00]} 46. Re1 {[%emt 0:00:29]} Rd3 {[%emt 0:00:02]} 47. Re5+ {[%emt 0:00:09]} Rg5 {[%emt 0:00:04]} 48. Re7 {[%emt 0:00:01]} Rb5 {[%emt 0:00:02]} (48... c5 $11 {and Black is okay.}) 49. Rg7 $18 {[%emt 0:00:02][%mdl 1024] White has strong compensation.} Rd6 $2 {[%emt 0:00:02]} (49... Rg5 $18 50. Rxb7 Ra3) 50. Rfxg4 {[%emt 0:00:06] Weighted Error Value: White=0.17 (very precise) /Black=0.43} ({Weaker is} 50. Rgxg4 Rf6 $16) 1-0

[Event "CCT Airthings Masters Play-In 2023"]
[Site "Online"]
[Date "2023.02.03"]
[Round "5"]
[White "platy3"]
[Black "Cardoso Cardoso, Jose Gabriel"]
[Result "1-0"]
[WhiteElo "2571"]
[BlackElo "2498"]
[Annotator "TA"]
[PlyCount "93"]
[EventDate "2023.02.03"]
[EventType "swiss"]
[EventCountry "NET"]
[SourceTitle "playchess.com"]
[Source "ChessBase"]
[SourceQuality "1"]

1. e4 c5 2. Nf3 d6 3. Bb5+ Nd7 4. a4 Ngf6 5. Nc3 a6 6. Be2 g6 7. a5 Bg7 8. O-O O-O 9. d3 b5 10. axb6 Qxb6 11. Nd2 Ne5 12. Kh1 Nc6 13. Nc4 Qc7 14. Bg5 e6 15. f4 Bb7 16. Qd2 Nd4 17. Bd1 d5 18. e5 Ne8 19. Na5 f6 20. exf6 Nxf6 21. Ne2 Nf5 22. Ng1 Bc8 23. c3 Bd7 24. Bxf6 Bxf6 25. Nf3 Rab8 26. Ba4 Bxa4 27. Rxa4 Rb5 28. b4 cxb4 29. cxb4 Rc8 30. Qe2 Rb6 31. g4 Ne7 32. Qe3 Rd6 33. Nb3 Qb6 34. Nc5 d4 35. Qe2 a5 36. Ne4 Nd5 37. Rxa5 Bg7 38. Nxd6 Qxd6 39. Qe4 Ne3 40. Rfa1 Rf8 41. Ng5 Rxf4 42. Ra8+ Bf8 43. Qxe6+ Qxe6 44. Nxe6 Rf6 45. Rxf8+ Rxf8 46. Nxf8 Kxf8 47. b5 1-0

[Event "CCT Airthings Masters Play-In 2023"]
[Site "Online"]
[Date "2023.02.03"]
[Round "5"]
[White "Lazavik, Denis"]
[Black "Shield12"]
[Result "1-0"]
[WhiteElo "2541"]
[BlackElo "2644"]
[Annotator "NA"]
[PlyCount "63"]
[EventDate "2023.02.03"]
[EventType "swiss"]
[EventCountry "NET"]
[SourceTitle "playchess.com"]
[Source "ChessBase"]
[SourceQuality "1"]

1. d4 Nf6 2. c4 e6 3. Nf3 d5 4. g3 dxc4 5. Bg2 Nc6 6. Qa4 Bb4+ 7. Bd2 Nd5 8. Bxb4 Ndxb4 9. O-O Rb8 10. Nc3 Bd7 11. a3 b5 12. Nxb5 Nd5 13. Nc3 Rxb2 14. Qxc4 Na5 15. Qd3 Rb3 16. Rfc1 O-O 17. e4 Bb5 18. Qd2 Nc4 19. Qe1 Nxc3 20. Rxc3 Rxc3 21. Qxc3 Nd6 22. Ne5 f6 23. Nc6 Bxc6 24. Qxc6 Qe7 25. Rc1 e5 26. Qd5+ Kh8 27. dxe5 fxe5 28. Qc5 h5 29. Qxa7 Rf7 30. a4 h4 31. a5 Nb5 32. Qb8+ 1-0

[Event "CCT Airthings Masters Play-In 2023"]
[Site "Online"]
[Date "2023.02.03"]
[Round "5"]
[White "MrTattaglia"]
[Black "adotand"]
[Result "1-0"]
[WhiteElo "2485"]
[BlackElo "2346"]
[Annotator "TA"]
[PlyCount "107"]
[EventDate "2023.02.03"]
[EventType "swiss"]
[EventCountry "NET"]
[SourceTitle "playchess.com"]
[Source "ChessBase"]
[SourceQuality "1"]

1. c4 e6 2. Nc3 d5 3. d4 c6 4. e3 Nf6 5. Nf3 Nbd7 6. Qc2 Bd6 7. b3 O-O 8. Be2 b6 9. O-O Bb7 10. Bb2 Qe7 11. Rad1 Rad8 12. Rfe1 Rfe8 13. g3 c5 14. cxd5 exd5 15. Bf1 Qe6 16. Bg2 Ne4 17. dxc5 Bxc5 18. Nd4 Qg6 19. Ndb5 Ndf6 20. Nc7 Rf8 21. N7xd5 Nxd5 22. Bxe4 Qh5 23. Nxd5 Rxd5 24. Qc3 f6 25. Qc4 Rfd8 26. b4 Bf8 27. Rd4 b5 28. Bxd5+ Rxd5 29. Qb3 Kh8 30. Qd1 Qf7 31. Rxd5 Bxd5 32. a3 Qb7 33. Qd4 Be4 34. Qd8 Kg8 35. Bd4 Kf7 36. Bc5 Bxc5 37. bxc5 Bh1 38. e4 Bxe4 39. f3 Bc6 40. Qd6 Bxf3 41. Qe6+ Kg6 42. Qe8+ Kh6 43. Qe7 Qd5 44. Qd6 Qb3 45. Qd2+ Kg6 46. Re3 Qb1+ 47. Kf2 Be4 48. Qe1 Qxe1+ 49. Rxe1 Bd5 50. Rd1 Be4 51. Rd4 Bh1 52. Rd6 Kf7 53. c6 Ke7 54. c7 1-0

[Event "CCT Airthings Masters Play-In 2023"]
[Site "Online"]
[Date "2023.02.03"]
[Round "5"]
[White "Sankalp_Gupta"]
[Black "Indianlad"]
[Result "0-1"]
[WhiteElo "2439"]
[BlackElo "2549"]
[Annotator "TA"]
[PlyCount "130"]
[EventDate "2023.02.03"]
[EventType "swiss"]
[EventCountry "NET"]
[SourceTitle "playchess.com"]
[Source "ChessBase"]
[SourceQuality "1"]

1. d4 d5 2. Nf3 Bf5 3. Bf4 e6 4. e3 c5 5. Nbd2 Nc6 6. Bb5 Bd6 7. dxc5 Bxc5 8. c4 Nge7 9. O-O O-O 10. Nb3 Bb6 11. cxd5 Nxd5 12. Bxc6 bxc6 13. Be5 c5 14. Rc1 Rc8 15. Qe2 Bg4 16. Rfd1 f6 17. Bg3 c4 18. Na1 Qe8 19. Rxc4 Rxc4 20. Qxc4 Qh5 21. e4 Bxf3 22. gxf3 Qxf3 23. Rd3 Ne3 24. fxe3 Bxe3+ 25. Rxe3 Qxe3+ 26. Bf2 Qg5+ 27. Kf1 Qg4 28. Nc2 h5 29. Bxa7 f5 30. Qxe6+ Kh7 31. Ke1 Rf6 32. Qe5 fxe4 33. Bf2 Qf3 34. Qg3 Qf5 35. a3 Qd5 36. Bd4 Rg6 37. Qe5 Qd7 38. Qxe4 Qh3 39. Be5 Qe6 40. Nd4 Qc4 41. Kd2 Qf7 42. Nf3 Kg8 43. Ke3 Rg4 44. Qa8+ Kh7 45. Qc8 Qg6 46. Qb7 Qc2 47. h4 Qc1+ 48. Nd2 Qe1+ 49. Kd3 Qxe5 50. Nf3 Qf5+ 51. Kd2 Rg2+ 52. Ke3 Qe6+ 53. Kd3 Qg6+ 54. Ke3 Qe6+ 55. Kd3 Qf5+ 56. Ke3 Rg4 57. Ng5+ Kh6 58. Nf7+ Kg6 59. Ng5 Rxh4 60. Nf3 Rg4 61. a4 h4 62. Qb6+ Kh7 63. a5 Re4+ 64. Kf2 Qf4 65. a6 Qg3+ 0-1

[Event "CCT Airthings Masters Play-In 2023"]
[Site "Online"]
[Date "2023.02.03"]
[Round "5"]
[White "penguingm1"]
[Black "DJ_Haubi"]
[Result "1-0"]
[WhiteElo "2385"]
[BlackElo "2237"]
[Annotator "TA"]
[PlyCount "51"]
[EventDate "2023.02.03"]
[EventType "swiss"]
[EventCountry "NET"]
[SourceTitle "playchess.com"]
[Source "ChessBase"]
[SourceQuality "1"]

1. d4 g6 2. c4 Bg7 3. Nc3 c5 4. d5 Nf6 5. e4 d6 6. Nge2 O-O 7. Ng3 e6 8. Be2 exd5 9. cxd5 h5 10. Bg5 Nbd7 11. O-O a6 12. a4 Qb6 13. Qd2 Re8 14. h3 Rb8 15. a5 Qc7 16. f4 b5 17. e5 dxe5 18. f5 e4 19. d6 Qc6 20. fxg6 fxg6 21. Bh6 h4 22. Qg5 Bxh6 23. Qxg6+ Kh8 24. Qxh6+ Nh7 25. Rf7 Ndf8 26. Qg7# 1-0

[Event "CCT Airthings Masters Play-In 2023"]
[Site "Online"]
[Date "2023.02.03"]
[Round "5"]
[White "Ginger_GM"]
[Black "GasconJR"]
[Result "0-1"]
[WhiteElo "2279"]
[BlackElo "2457"]
[Annotator "TA"]
[PlyCount "84"]
[EventDate "2023.02.03"]
[EventType "swiss"]
[EventCountry "NET"]
[SourceTitle "playchess.com"]
[Source "ChessBase"]
[SourceQuality "1"]

1. d4 Nf6 2. Nc3 d5 3. Bf4 e6 4. Nb5 Na6 5. e3 c6 6. Nc3 Qa5 7. Bd3 Ba3 8. Qc1 Bb4 9. Nge2 Nh5 10. Be5 f6 11. Bg3 Be7 12. a3 O-O 13. b4 Qd8 14. Nf4 Nxf4 15. Bxf4 e5 16. dxe5 fxe5 17. Bxe5 Bf6 18. Bxf6 Qxf6 19. Qd2 Nc7 20. O-O Bg4 21. Ne2 Ne6 22. f3 Bh5 23. Ng3 Bf7 24. Rae1 h5 25. c3 h4 26. Nf5 h3 27. g3 a5 28. Nd4 Ng5 29. e4 dxe4 30. fxe4 Qd8 31. Rf5 Ne6 32. Rxf7 Rxf7 33. Nxe6 Qb6+ 34. Nd4 Rd7 35. Bc4+ Kh8 36. Qg5 c5 37. Be6 g6 38. Bxd7 cxd4 39. Qe5+ Kh7 40. Qxd4 Qc7 41. e5 axb4 42. axb4 Ra2 0-1

[Event "CCT Airthings Masters Play-In 2023"]
[Site "Online"]
[Date "2023.02.03"]
[Round "6"]
[White "Andreikin, Dmitry"]
[Black "GGuseinov"]
[Result "1/2-1/2"]
[WhiteElo "2729"]
[BlackElo "2677"]
[Annotator "TA"]
[PlyCount "49"]
[EventDate "2023.02.03"]
[EventType "swiss"]
[EventCountry "NET"]
[SourceTitle "playchess.com"]
[Source "ChessBase"]
[SourceQuality "1"]

1. Nf3 g6 2. e4 c5 3. c3 d5 4. exd5 Qxd5 5. d4 Bg7 6. Na3 cxd4 7. Bc4 Qe4+ 8. Be3 Nh6 9. cxd4 O-O 10. O-O Bg4 11. Re1 Bxf3 12. Bxh6 Bxd1 13. Rxe4 Bxh6 14. Rxd1 Bg5 15. Re5 Bf6 16. Rb5 Nc6 17. d5 Nd8 18. d6 exd6 19. Rxd6 Kg7 20. Rd7 Rc8 21. g3 a6 22. Rb6 Re8 23. Rbxb7 Nxb7 24. Rxf7+ Kh8 25. Rxf6 1/2-1/2

[Event "CCT Airthings Masters Play-In 2023"]
[Site "Online"]
[Date "2023.02.03"]
[Round "6"]
[White "Sevian, Samuel"]
[Black "NikoTheodorou"]
[Result "1-0"]
[WhiteElo "2687"]
[BlackElo "2682"]
[Annotator "TA"]
[PlyCount "95"]
[EventDate "2023.02.03"]
[EventType "swiss"]
[EventCountry "NET"]
[SourceTitle "playchess.com"]
[Source "ChessBase"]
[SourceQuality "1"]

1. d4 Nf6 2. c4 e6 3. Nc3 Bb4 4. f3 c5 5. d5 b5 6. e4 d6 7. Nge2 bxc4 8. Nf4 g5 9. Nfe2 exd5 10. exd5 Qe7 11. Bxg5 Bxc3+ 12. bxc3 Nbd7 13. Bxf6 Qxf6 14. Qd2 Ne5 15. Ng3 Bf5 16. Qf4 Ng6 17. Qd2 Ne5 18. Qf4 Ng6 19. Qxc4 O-O 20. Be2 Rfe8 21. O-O Re3 22. Rac1 Rae8 23. Rf2 Qe5 24. f4 Qf6 25. Bf1 Nh4 26. Re2 Bg4 27. Rxe3 Rxe3 28. Kf2 Re7 29. Re1 Rxe1 30. Kxe1 Ng6 31. Be2 Bxe2 32. Nxe2 Qh4+ 33. g3 Qxh2 34. Qe4 Kf8 35. Kd2 Qf2 36. Qb1 h5 37. Qb8+ Kg7 38. Qxd6 h4 39. gxh4 Nxh4 40. Qe5+ f6 41. Qe7+ Kg6 42. Qe4+ Kh6 43. d6 Nf3+ 44. Kc2 c4 45. d7 Ne1+ 46. Kd2 Nd3 47. Qh1+ Kg7 48. d8=Q 1-0

[Event "CCT Airthings Masters Play-In 2023"]
[Site "Online"]
[Date "2023.02.03"]
[Round "7"]
[White "Baku_Boulevard"]
[Black "GGuseinov"]
[Result "1/2-1/2"]
[WhiteElo "2713"]
[BlackElo "2680"]
[Annotator "TA"]
[PlyCount "39"]
[EventDate "2023.02.03"]
[EventType "swiss"]
[EventCountry "NET"]
[SourceTitle "playchess.com"]
[Source "ChessBase"]
[SourceQuality "1"]

1. e4 c5 2. Nf3 g6 3. d4 cxd4 4. Nxd4 Nc6 5. Nc3 Bg7 6. Be3 Nf6 7. Bc4 O-O 8. Bb3 d6 9. f3 Bd7 10. Qd2 Nxd4 11. Bxd4 b5 12. a4 bxa4 13. Bxa4 Be6 14. Bc6 Rc8 15. Bd5 Bxd5 16. exd5 a5 17. O-O Nd7 18. Bxg7 Kxg7 19. Qd4+ Kg8 20. Ra2 1/2-1/2

[Event "CCT Airthings Masters Play-In 2023"]
[Site "Online"]
[Date "2023.02.03"]
[Round "7"]
[White "mishanick"]
[Black "Mitrabha, Guha"]
[Result "1-0"]
[WhiteElo "2698"]
[BlackElo "2510"]
[Annotator "TA"]
[PlyCount "41"]
[EventDate "2023.02.03"]
[EventType "swiss"]
[EventCountry "NET"]
[SourceTitle "playchess.com"]
[Source "ChessBase"]
[SourceQuality "1"]

1. d4 Nf6 2. c4 e6 3. Nc3 Bb4 4. e3 O-O 5. Bd3 d6 6. Nge2 e5 7. a3 Bxc3+ 8. Nxc3 Re8 9. O-O e4 10. Bc2 Nc6 11. f3 Bf5 12. Bd2 Bg6 13. fxe4 Nxe4 14. Nxe4 Bxe4 15. Bxe4 Rxe4 16. Rxf7 d5 17. Qf3 Qd6 18. Rf1 Rae8 19. cxd5 Nd8 20. Bb4 Rxe3 21. Rf8+ 1-0

[Event "CCT Airthings Masters Play-In 2023"]
[Site "Online"]
[Date "2023.02.03"]
[Round "7"]
[White "OparinGrigoriy"]
[Black "xxysoul6"]
[Result "1/2-1/2"]
[WhiteElo "2629"]
[BlackElo "2682"]
[Annotator "TA"]
[PlyCount "47"]
[EventDate "2023.02.03"]
[EventType "swiss"]
[EventCountry "NET"]
[SourceTitle "playchess.com"]
[Source "ChessBase"]
[SourceQuality "1"]

1. d4 Nf6 2. c4 e6 3. Nf3 d5 4. g3 dxc4 5. Bg2 Bb4+ 6. Bd2 a5 7. Qc2 Bxd2+ 8. Qxd2 c6 9. a4 b5 10. axb5 cxb5 11. Qg5 O-O 12. Qxb5 Ba6 13. Qa4 Qb6 14. O-O Qxb2 15. Nbd2 Bb5 16. Nxc4 Bxa4 17. Nxb2 Bb5 18. Ne5 Ra7 19. Nbc4 Nbd7 20. Rxa5 Rxa5 21. Nxa5 Bxe2 22. Re1 Bb5 23. Rb1 Rb8 24. h4 1/2-1/2

[Event "CCT Airthings Masters Play-In 2023"]
[Site "Online"]
[Date "2023.02.03"]
[Round "7"]
[White "AlexanderL"]
[Black "NikoTheodorou"]
[Result "1/2-1/2"]
[WhiteElo "2612"]
[BlackElo "2666"]
[Annotator "TA"]
[PlyCount "44"]
[EventDate "2023.02.03"]
[EventType "swiss"]
[EventCountry "NET"]
[SourceTitle "playchess.com"]
[Source "ChessBase"]
[SourceQuality "1"]

1. Nf3 Nf6 2. c4 g6 3. Nc3 Bg7 4. e4 d6 5. d4 O-O 6. Be2 e5 7. O-O Bg4 8. d5 a5 9. Be3 Na6 10. Ne1 Bd7 11. Nd3 h5 12. h3 b6 13. Qd2 Nh7 14. Rae1 Nb4 15. a3 Nxd3 16. Bxd3 a4 17. Bc2 Bf6 18. Qd1 Qe8 19. Qd2 Qe7 20. Qd1 Qe8 21. Qd2 Qe7 22. Qd1 Qe8 1/2-1/2

[Event "CCT Airthings Masters Play-In 2023"]
[Site "Online"]
[Date "2023.02.03"]
[Round "7"]
[White "platy3"]
[Black "Dominguez Perez, Leinier"]
[Result "1/2-1/2"]
[WhiteElo "2591"]
[BlackElo "2743"]
[Annotator "TA"]
[PlyCount "87"]
[EventDate "2023.02.03"]
[EventType "swiss"]
[EventCountry "NET"]
[SourceTitle "playchess.com"]
[Source "ChessBase"]
[SourceQuality "1"]

1. e4 c5 2. Nf3 d6 3. Bb5+ Nd7 4. a4 Ngf6 5. Nc3 a6 6. Be2 g6 7. O-O Bg7 8. a5 O-O 9. d3 b5 10. axb6 a5 11. h3 Bb7 12. Be3 Qxb6 13. Ra3 Bc6 14. Nd2 a4 15. Nc4 Qc7 16. Bf4 Rfb8 17. Qa1 Nb6 18. Nxb6 Qxb6 19. Nxa4 Rxa4 20. Rxa4 Bxa4 21. Qxa4 Qxb2 22. Bf3 Ne8 23. g3 Bf6 24. Qa7 Ng7 25. Bc1 Qb6 26. Qa4 Ne6 27. Be3 Nd4 28. Bd1 Qc7 29. Kg2 Kg7 30. Bd2 h5 31. c3 Nb5 32. Bb3 e6 33. Rc1 Qb7 34. Bd1 Qa8 35. Qc2 Na3 36. Qa2 Nb5 37. Qa4 Qxa4 38. Bxa4 Na3 39. Bf4 Rb6 40. Be3 Ra6 41. Bb3 Rb6 42. Ba4 Ra6 43. Bb3 Rb6 44. Ba4 1/2-1/2